000 00635nam a2200301Ia 4500
005 20260401122150.0
008 008 250103s9999 xx 000 0 eng d
020 _a8172015941
037 _aTB
040 _aEDL
040 _beng
040 _cEDL
041 _2eng
041 _aeng
084 _a894.827 RAG
084 _qEDL
100 _aRaghavan, V.
_9863833
245 0 _aTyagaraja
245 0 _cRaghavan, V.
260 _aNew Delhi
260 _bSahitya Akademi
260 _c1994
300 _a78p
942 _cTB
942 _h894.827 RAG
999 _c1845365
_d1845365